Marine conservation : science, policy and management

Saved in:
Bibliographic Details
Main Author: Ray, Carleton G.
Other Authors: McCormick-Ray, Jerry
Format: Book
Language:English
Published: Chichester : Wiley Blackwell, c2014.
Subjects:
Tags: Add Tag
No Tags, Be the first to tag this record!

MARC

LEADER 00000nam a2200000 a 4500
001 1/106983
008 150616syyyy####nju|||||||||||||| ||eng||
020 |a 9781405193474 
040 |a GR-MyUa  |b gre  |c GR-MyUa  |e AACR2 
041 0 |a eng 
082 7 |a 333.91  |2 (23) 
100 1 |a Ray, Carleton G. 
245 1 0 |a Marine conservation :   |b science, policy and management /  |c G. Carleton Ray and Jerry McCormick-Ray.  
260 |a Chichester :   |b Wiley Blackwell,   |c c2014.  
300 |a  xiii, 370 σ. :   |b εικ. ;   |c 29 εκ.  
504 |a Περιέχει βιβλιογραφικές αναφορές και ευρετήριο.  
650 0 |a Marine resources conservation   |x Textbooks. 
700 1 |a McCormick-Ray, Jerry. 
852 |a INST  |b LESVOS  |c BK  |e 20150616  |h 333.91 CAR  |p 005100056923  |q 005100056923  |t BK  |y 0 
922 |a 1ΕΛΗ  |b 2015-04  |c Τμήμα Επιστημών της Θάλασσας  |d Διαδρομές 
970 |a Καμάτσου  |b Δέσποινα  |z 16-06-2015